000 00479nam a2200157Ia 4500
008 190805s9999||||xx |||||||||||||| ||und||
020 _a9789380618197
_cRs. 295.00
082 0 4 _a338.5024658
_bG3462
100 1 _aGhosh, B. N.
245 1 0 _aFoundations of Managerial Economics /
_cB. N. Ghosh
260 _aNew Delhi :
_bAne Books Pvt. Ltd.,
_c2011
300 _axii, 350 p.
_b :
_c; 24 cm.
650 0 _aManagerial economics
_vTextbooks
942 _cBK
999 _c178
_d178